000 00688nam a2200181 i 4500
001 65004
003 ES-MaACL
005 20230906165258.0
007 t|
008 040108s1966 sp ||||1| spa d
100 1 _aFraneau, Jacques.
_952290
245 1 0 _aFísica /
_cJacques Franeau ; traducido por Pablo Barrón Egusquiza.
260 _aBilbao :
_bUrmo,
_c[1966]
300 _a2 v. :
_bil. ;
_c25 cm.
505 8 _aContiene: V. 1: Mecánica física. Calor. Electricidad. Optica geométrica. Fenómenos ondulatorios. -- V. 2: Relatividad. Mecánica. Cuántica. Física atómica. Física nuclear
700 1 _aBarron Egusquiza, Pablo.
_926043
852 _aES-MaACL
_jC-31517-8
_bR.61849
999 _c65004
_d65004